Les Aventures de Tintin - Tintin et les Picaros - Statistiques

Statistiques générales
  • Ce quiz a été pris 451 fois
  • Le résultat moyen est 13 sur 18
Statistiques - réponses
Question Réponse % Correct
Quant au capitaine, quel changement radical se produit pour lui dans cet album ? Il ne peut plus boire d'alcool
94%
Quelle technique est employée par Tapioca pour empêcher les Picaros de mener leur révolution ? Il leur offre du whisky pour les rendre saouls
93%
Tintin est hébergé par Ridgewell, chez les Arumbayas. Dans quelle aventure avait-il déjà croisé ce personnage ? L'Oreille Cassée
91%
Quel "moyen de transport" nos héros empruntent-ils pour empêcher l'exécution ? Un char de la parade
90%
Quel vil personnage est devenu conseiller du général Tapioca ? Colonel Sponsz
89%
Comment se nomme la troupe déguisée venant d'Europe occidentale ? Les Joyeux Turlurons
88%
Quel "domestique", connu de Tintin, est chargé de la sécurité de nos héros ? Pablo
88%
Qui est condamné à la fusillade par un peloton d'exécution ? Les Dupondt
84%
Qui est le président et meneur de cette troupe ? Séraphin Lampion
83%
Quel est le prénom de madame Alcazar ? Peggy
81%
Quelle distinction le général Alcazar remet-il à Tintin et ses amis ? L'Ordre de San Fernando
72%
Quelle puissance commerciale soutiendrait les guérilleros d'Alcazar ? International Banana Company
69%
Quelle modification physique connaît Tintin dans cet album ? Il changea de pantalon
66%
Quel pays soutient le général Tapioca, à la tête du San Theodoros ? La Bordurie
65%
Aux abords de quel monument éclate l'embuscade ? Une pyramide paztèque
50%
Tintin arrive en moto à Moulinsart. Qu'arbore-t-il sur son casque ? Le symbole Peace and Love
45%
Quel personnage N'APPARAIT pas dans le défilé du carnaval ? Spirou
33%
Et pour finir, comment devait s'intituler initialement cet album ? Tintin et les Bigotoudos
18%
Aucun quiz correspondant
Distribution des résultats
% des personnes avec chaque résultat
Percentile par nombre de réponses
Votre historique - résultats
Vous n’avez pas pris ce quiz